00385nam a22001097a 4500999001900000020001800019100002000037245002900057260007700086942000700163952010500170 c263774d263773 a9781338044324 aJanet B. Pascal aWhat was the Hindenburg? aNew York bGrosset & Dunlap, an Imprint of Penguin Group (USA) LLCc2014 cBK 001040708FICa40404b40404cCHILDd2024-06-10l0pCL20243381r2024-06-10 00:00:00w2024-06-10yBK